00616nam a2200181Ia 4500952013000000999001700130003000400147005001700151008004100168040000900209082001800218100002900236245005900265260003900324300000900363650002000372942004200392 00102ddc40708ISLAMaMESbMEScISLd2019-02-20g27.00l0o297.64 KHA/Vp19587r2019-02-20 00:00:00w2019-02-20yBKzGL47R1 c22260d22260OSt20200319121531.0190216s9999||||xx |||||||||||||| ||und|| coclc a297.64bKHA/V aKhadir. M S Abdul 92082 0aVishudha Nabiyuda Swavabamahatmyam /cM S Abdul Khadir bAmina Book Stall,c1987.aTrissur: a300p aIslamic History cBK2ddch297.64iKHA/Vk297.64mKHA/V